LEADER 01636nam--2200445---450- 001 990000094140203316 005 20090618120451.0 010 $a88-8233-133-4 035 $a0009414 035 $aUSA010009414 035 $a(ALEPH)000009414USA01 035 $a0009414 100 $a20000922d2000----km-y0itay0103----ba 101 0 $aita 102 $aIT 105 $a||||||||001yy 200 1 $aAgriturismo$eturismo rurale, turismo all'aperto$easpetti giuridici, tributari, amministrativi e gestionali. Legislazione, Giurisprudenza. Modulario$econ riferimenti alle diverse leggi regionali e aggiornato con le nuove formalitáa previste dalla Finanziaria 2000 e dal Registro delle Imprese$fGianfranco Ceccacci, Marco V. Susanna 205 $a3 ed. 210 $aMilano$cEdizioni FAG$d2000 215 $a402 p.$d24 cm$e1 CD-rom 606 0 $aTurismo rurale$xLegislazione 676 $a343.4508559104 700 1$aCECCACCI,$bGianfranco$0282846 701 1$aSUSANNA,$bMarco V.$0541569 801 0$aIT$bsalbc$gISBD 912 $a990000094140203316 951 $aXXIV.3.P 215 (IG XVI 306)$b26445 G.$cXXIV.3.P 215 (IG XVI)$d00005870 959 $aBK 969 $aGIU 979 $aTAMI$b40$c20000922$lUSA01$h1009 979 $aTAMI$b40$c20000922$lUSA01$h1306 979 $aTAMI$b40$c20000922$lUSA01$h1330 979 $aTAMI$b40$c20000922$lUSA01$h1337 979 $c20001110$lUSA01$h1710 979 $aPATRY$b90$c20010905$lUSA01$h1228 979 $c20020403$lUSA01$h1617 979 $aPATRY$b90$c20040406$lUSA01$h1607 979 $aRSIAV2$b90$c20090618$lUSA01$h1204 996 $aAgriturismo$9866484 997 $aUNISA LEADER 03429nam 2200649 450 001 9910818824503321 005 20220902023341.0 010 $a0-8218-7659-7 010 $a0-8218-5077-6 035 $a(CKB)3240000000069597 035 $a(EBL)3113094 035 $a(SSID)ssj0000712535 035 $a(PQKBManifestationID)11445754 035 $a(PQKBTitleCode)TC0000712535 035 $a(PQKBWorkID)10649130 035 $a(PQKB)11672289 035 $a(MiAaPQ)EBC3113094 035 $a(WaSeSS)Ind00039487 035 $a(RPAM)4314877 035 $a(PPN)19710391X 035 $a(EXLCZ)993240000000069597 100 $a19871229h19881988 uy| 0 101 0 $aeng 135 $aur|n|---||||| 181 $ctxt 182 $cc 183 $acr 200 00$aIndex theory of elliptic operators, foliations, and operator algebras $eproceedings of AMS Special Sessions, held January 7, 1986 and April 11, 1986 /$fJerome Kaminker, Kenneth C. Millett, and Claude Schochet, editors 210 1$aProvidence, Rhode Island :$cAmerican Mathematical Society,$d[1988] 210 4$d©1988 215 $a1 online resource (333 p.) 225 1 $aContemporary mathematics,$x0271-4132 ;$v70$x0271-4132 300 $aEnglish and French. 311 08$aPrint version: Index theory of elliptic operators, foliations, and operator algebras : proceedings of AMS Special Sessions, held January 7, 1986 and April 11, 1986. Providence, Rhode Island : American Mathematical Society, [1988] x, 322 pages ; 26 cm. Contemporary mathematics ; volume 70 9780821850770 320 $aIncludes bibliographical references. 327 $aTable of Contents -- Preface -- The theory of levels -- Toeplitz operators and the eta invariant: the case of S1 -- Sur la Conjecture de Novikov -- A new proof of the K-amenability of SU(1, 1) -- Some interesting group actions -- A relation between index and exotic classes -- The Universal Coefficient Theorem for equivariant K-theory of real and complex C*-algebras -- Equivariant K-theory for proper actions and C*-algebras -- Equivariant K-theory for proper actions II: some cases in which finite dimensional bundles suffice -- Operator algebras and index theory on non-compact manifolds -- K-theory of group C*-algebras, foliation algebras and crossed products -- Preface -- 1. Group C *-algebras and crossed products -- 2. Foliation C *-algebras -- 3. K-theory of C *-algebras -- 4. The Kasparov KK-functor -- 5. Batt periodicity revisited -- 6. The big picture -- Selected references -- Non-commutative CW-complexes. 410 0$aContemporary mathematics (American Mathematical Society).$v70$x0271-4132 606 $aIndex theory (Mathematics)$vCongresses 606 $aElliptic operators$vCongresses 606 $aFoliations (Mathematics)$vCongresses 606 $aOperator algebras$vCongresses 615 0$aIndex theory (Mathematics) 615 0$aElliptic operators 615 0$aFoliations (Mathematics) 615 0$aOperator algebras 676 $a515.7/242 702 $aKaminker$b Jerome 702 $aMillett$b Kenneth C. 702 $aSchochet$b Claude$f1944- 712 02$aAmerican Mathematical Society, 801 0$bMiAaPQ 801 1$bMiAaPQ 801 2$bMiAaPQ 906 $aBOOK 912 $a9910818824503321 996 $aIndex theory of elliptic operators, foliations, and operator algebras$94030274 997 $aUNINA LEADER 02602nam 22004093 450 001 9910821279103321 005 20240102112648.0 010 $a9789464280388$b(electronic bk.) 010 $z9789464280364 035 $a(MiAaPQ)EBC30003700 035 $a(Au-PeEL)EBL30003700 035 $a(CKB)24826268900041 035 $a(EXLCZ)9924826268900041 100 $a20220917d2022 uy 0 101 0 $aeng 135 $aurcnu|||||||| 181 $ctxt$2rdacontent 182 $cc$2rdamedia 183 $acr$2rdacarrier 200 14$aThe Early Modern Zagori of Northwest Greece $eAn Interdisciplinary Archaeological Inquiry into a Montane Cultural Landscape 205 $a1st ed. 210 1$aLeiden :$cSidestone Press,$d2022. 210 4$d©2022. 215 $a1 online resource (207 pages) 311 08$aPrint version: Moudopoulos-Athanasiou, Faidon The Early Modern Zagori of Northwest Greece Leiden : Sidestone Press,c2022 9789464280364 330 $aLandscape-archaeology projects have had a significant impact on our understanding of the deep history of the Greek countryside, but have overwhelmingly been limited to the plains and have rarely placed the Ottoman period at their core. This investigation of Zagori in Northwest Greece explores the archaeology and cultural history of a mountainous area that famously thrived in the Ottoman period. This engagement with an upland region in the early modern period sheds light on previously neglected aspects of Greek landscape history. The inclusive methodology combines critical historiography, archival research, oral history and landscape-archaeological survey to achieve novel insights into this montane landscape and its distinctive history and cultural heritage.Contrary to the dominant nationalist historiography, it demonstrates the continuity of regional elites from the Byzantine to Ottoman period in Epirus and reveals how this shaped settlement patterns and elite/non-elite sedentary adaptations in this montane region. It also gives voice from within to the labour-intensive, engendered, cultural landscape of the Zagori peasantry and challenges the view of external scholarly observers that mountains support a predominantly pastoral way of life. 606 $aLandscape archaeology$zGreece$zZagori 615 0$aLandscape archaeology 676 $a949.53 700 $aMoudopoulos-Athanasiou$b Faidon$01705285 801 0$bMiAaPQ 801 1$bMiAaPQ 801 2$bMiAaPQ 906 $aBOOK 912 $a9910821279103321 996 $aThe Early Modern Zagori of Northwest Greece$94091872 997 $aUNINA